LEADER 01386nam0-22003371i-450- 001 990000998270403321 005 20070109170350.0 010 $z0-7204-0720-3 035 $a000099827 035 $aFED01000099827 035 $a(Aleph)000099827FED01 035 $a000099827 100 $a20001205d1978----km-y0itay50------ba 101 0 $aeng 200 1 $aPhysics and astrophysics of neutron stars and black holes$eproceedings of the International School of Physics "Enrico Fermi", Course 65., Varenna on Lake Como, Villa Monastero, 14th - 26th July 1975$fedited by R. Giacconi and R. Ruffini, directors of the course 210 $aAmsterdam [etc.]$cNorth-Holland$aBologna$cSocietā Italiana di Fisica$d1978 215 $aXXV, 871 p., [1] c. di tav.$critr.$d25 cm 300 $aIn testa al front.: Italian Physical Society. - Front. anche in italiano. 610 0 $aScuole di fisica 676 $a530.143 702 1$aGiacconi,$bRiccardo$f<1931- > 702 1$aRuffini,$bRemo$f<1942- > 710 02$aScuola internazionale di fisica Enrico Fermi$012861 712 02$aScuola internazionale di fisica Enrico Fermi$d<65. ;$f1975 ;$eVarenna> 801 0$aIT$bUNINA$gRICA$2UNIMARC 901 $aBK 912 $a990000998270403321 952 $a22B-015.046$b10924$fFI1 959 $aFI1 996 $aPhysics and astrophysics of neutron stars and black holes$9354229 997 $aUNINA LEADER 01028nam0-22002891i-450- 001 990006122260403321 005 19980601 035 $a000612226 035 $aFED01000612226 035 $a(Aleph)000612226FED01 035 $a000612226 100 $a19980601f????----km-y0itay50------ba 105 $a--------00-yy 200 1 $a<>pretesa necessita' del requisito dell'autonomia nella questione della sopprimibilita' o meno dei legati di culto$fGaspare Ambrosini. 210 $aMilano$cSoc. ed. Libraria$ds.d. 215 $a16 p.$d24 cm 463 $d$1200$a"Rivista di Diritto Pubblico. Fasc. Novembre-Dicembre, parte II, 1915" 676 $a322.1 700 1$aAmbrosini,$bGaspare$f<1886-1985>$03005 801 0$aIT$bUNINA$gRICA$2UNIMARC 901 $aBK 912 $a990006122260403321 952 $aBUSTA 12 (40) 6$b34587$fFGBC 959 $aFGBC 996 $aPretesa necessita' del requisito dell'autonomia nella questione della sopprimibilita' o meno dei legati di culto$9644206 997 $aUNINA DB $aGIU01